MARC

LEADER 00000nam0a2200000 4500
001 355733
005 20231102010826.0
035 |a (RuTPU)RU\TPU\retro\12993 
090 |a 355733 
100 |a 20200710d1973 km y0rusy50 ca 
101 0 |a rus 
102 |a MD 
105 |a a z 001zy 
200 1 |a Неустановившиеся движения сплошных сжимаемых сред  |f И. Г. Филиппов, В. Г. Чебан  |g Академия наук Молдавской ССР, Институт математики с вычислительным центром 
210 |a Кишинев  |c Штиинца  |d 1973 
215 |a 436 с.  |c ил. 
320 |a Библиогр.: с. 423-432 
606 1 |a Механика сплошных сред  |2 stltpush  |3 (RuTPU)RU\TPU\subj\43578  |9 63063 
610 1 |a неустановившиеся движения 
610 1 |a сжимаемые среды 
610 1 |a модели 
610 1 |a механические уравнения 
610 1 |a упругие тела 
610 1 |a вязко-упругие тела 
610 1 |a волновые уравнения 
610 1 |a динамические задачи 
610 1 |a пространственные задачи 
610 1 |a контактные задачи 
610 1 |a дифракция 
610 1 |a сферические волны 
610 1 |a распространение 
610 1 |a диффузия 
675 |a 531/.534  |v 4 
700 1 |a Филиппов  |b И. Г.  |g Игорь Григорьевич 
701 1 |a Чебан  |b В. Г.  |g Василий Григорьевич 
712 0 2 |a Академия наук Молдавской ССР  |b Институт математики с вычислительным центром  |2 stltpush  |3 (RuTPU)RU\TPU\col\15145  |9 26090 
801 1 |a RU  |b 63413507  |c 20200710 
801 2 |a RU  |b 63413507  |c 20210226  |g RCR 
942 |c BK